Cursus Imus Sermonum Quadragesimalium

Päť slovenských pôstnych kázní, prednesených v Hlohovci, pravdepodobne vo františkánskom kostole ich autorom

Bibliographic Details
Main Author: Langenbacher, Fridrich (Author)
Format: Manuscript Book
Language:Slovak
Latin
PhysicalDescription:25 nečíslovaných strán rukopis 30 cm
Published: Galgoczii 1877
Subjects:

MARC

LEADER 00000ctmaa2200000 a 4500
001 vtls011572238
003 SK-MaSNL
005 20260301135559.0
008 230802s1877 xo || 000 s slo
035 |a urn:nbn:sk:snk-tm00c8rx 
035 |a urn:nbn:sk:snk-tm3n27m 
035 |a 552A8B36-5EA8-4CC2-A320-1C1289564B83 
040 |a SNKLA  |b slo  |c SNKLA  |e AACR2 
041 0 |a slo  |a lat 
044 |a xo  |c SK 
072 7 |a 27-78  |x Kresťanské združenia, spolky a organizácie. Rehoľné rády  |2 konspekt 
080 |a 2-287  |2 2011 
080 |a 025.171  |2 2011 
100 1 |a Langenbacher, Fridrich  |4 aut  |9 491079 
245 1 0 |a Cursus Imus Sermonum Quadragesimalium  |c dictorum ... per Fridericum Langenbacher 
246 2 3 |a Cursus Primus Sermonum Quadragesimalium 
260 |a Galgoczii  |c 1877 
300 |a 25 nečíslovaných strán  |b rukopis  |c 30 cm 
500 |a Chýba pokračovanie - na konci zošita je začiatok šiestej kázne 
520 2 |a Päť slovenských pôstnych kázní, prednesených v Hlohovci, pravdepodobne vo františkánskom kostole ich autorom 
546 |a Texty kázní sú slovensky, latinsky je len titul rukopisu 
555 0 |a Inventár rukopisov Archívu literatúry a umenia Matice slovenskej. Rukopisy historických knižníc na Slovensku I. Martin: Matica slovenská 1992 
610 2 7 |a Františkáni (Hlohovec, Slovensko)  |b Salvatoriánska provincia  |2 SNKLA  |9 341936 
610 2 7 |a Františkáni  |2 SNKKA  |9 174796 
610 2 7 |a Františkánsky kostol (Hlohovec, Slovensko)  |2 SNKLA  |9 491080 
655 7 |a kázne  |2 SNKPH  |9 70516 
655 7 |a rukopisy  |2 SNKPH  |9 70548 
752 |a Slovensko  |d Hlohovec 
852 |a Slovenská národná knižnica  |b Literárny archív 
958 |a ZH 
958 |a LAVD 
999 |c 760740  |d 762670 
952 |a SNKLA  |b SNKLA  |c SNKLA_DEP  |y NEVYP  |7 0  |p 17A1191413  |o snkRHKS 203  |0 0  |1 0  |4 0  |d 2016-08-10  |f 1  |l 0  |r 2026-02-24 00:03:17  |w 2026-02-24